KOHA-Header-6

Modern Information Retrieval the Concepts and technology behind Search (Record no. 5887)

000 -LEADER
fixed length control field 00369nam a2200133Ia 4500
020 ## - INTERNATIONAL STANDARD BOOK NUMBER
ISBN 978-0-321-41691-9
100 ## - MAIN ENTRY--AUTHOR NAME
Personal name Richardo Baeza-Yates
245 #0 - TITLE STATEMENT
Title Modern Information Retrieval the Concepts and technology behind Search
250 ## - EDITION STATEMENT
Edition statement 2 nd
260 ## - PUBLICATION, DISTRIBUTION, ETC. (IMPRINT)
Place of publication New York
Name of publisher Pearson
Year of publication 2017
300 ## - PHYSICAL DESCRIPTION
Number of Pages 913
942 ## - ADDED ENTRY ELEMENTS (KOHA)
Koha item type Books
Holdings
Withdrawn status Lost status Collection code Permanent Location Current Location Shelving location Date acquired Full call number Accession Number Koha item type
    Computer Science MAJU MAJU Shelf No.A32 2019-10-28 025.04 9296 Computer Science

Powered by Koha